000 00548cam a2200181Ia 4500
020 _a3540322019 (hd.bd.)
040 _cOHX
082 _a333 ERI 2006 A118 Or.
245 0 0 _aLand-use and land-cover change :
_blocal processes and global impacts /
260 _aBerlin ;
_aNew York :
_bSpringer,
_cc2006
300 _axviii, 222 p. :
_bill. (some col.), col. maps ;
_c28 cm
650 0 _aLand use
650 0 _aLandscape changes
650 0 _aGlobal environmental change
700 1 _aLambin, Eric F
700 1 _aGeist, Helmut,
942 _cAEDBB
999 _c20758
_d20758